Z histórie súťaže BVĽK

Podrobná bibliografia
Hlavný autor: Brozmannová, Želmíra, 1940- (Autor)
Médium: Článok
Jazyk:slovenčina
Fyzický popis:4 obr.
Predmet:

MARC

LEADER 00000nab a2200000 a 4500
001 vtls000063046
003 SK-MaSNL
005 20260304213150.0
008 250423c1980 xo 0 slo
015 |a SNBRB19rr/mm-uuuuu 
035 |a CL0073146 
035 |a urn:nbn:sk:snk-abb8ya 
035 |a (urnnbn)urn:nbn:sk:snk:ar-000naj 
035 |a (uuid)c2a320ce-72a9-4841-8f5c-29c0e3fd18bd 
040 |a SNKBUCL  |b slo  |c SNKBUCL  |e AACR2 
041 0 |a slo 
044 |a xo  |c SK 
080 |a 027.52(437.6)  |2 1981 
080 |a 023.5  |2 1981 
080 |a 331.876  |2 1981 
100 1 |a Brozmannová, Želmíra,  |d 1940-  |4 aut  |9 5115 
245 1 0 |a Z histórie súťaže BVĽK  |c Želmíra Brozmannová 
300 |b 4 obr. 
650 0 7 |a ľudové knižnice  |2 snkbucl  |9 256791 
650 0 7 |a súťaženie  |2 snkbucl  |9 49780 
650 0 7 |a Budujeme vzornú ľudovú knižnicu  |2 snkbucl  |9 1015977 
655 7 |a články z novín a časopisov  |2 snkbucl  |9 267496 
773 0 |t Čitateľ  |g Roč. 29, č. 7-8 (1980), s. 248-251 
850 |a Slovenská národná knižnica 
852 |a Slovenská národná knižnica 
954 |a odborná, vedecká literatúra pôvodná (slovenská)  |2 lita 
958 |a article15 
958 |a OND 
958 |a RK 
958 |a KL 
958 |a EUIPO 
992 |a RBX 
999 |c 3134849  |d 3136779